MARC

Tag First Indicator Second Indicator Subfields
LEADER 00000nam a22000001i 4500
001 in00005675921
003 OCoLC
005 20260325191320.0
006 m |o d |
007 cr |n|||||||||
008 250326t20252025nyu ob 001 0 eng d
020 |a 9781668023501 (electronic bk.) 
020 |a 1668023504 (electronic bk.) 
020 |z 9781668023488 
020 |z 1668023482 
024 8 |a 90103237600 
035 |a (OCoLC)1509445578 
035 |a (OCoLC)in5675921 
040 |a NhCcYBP  |b eng  |e rda  |e pn  |c NhCcYBP 
043 |a n-us--- 
050 4 |a HC106.84  |b .K65 2025 
082 0 4 |a 330.97309/05  |2 23/eng/20250305 
100 1 |a Klein, Ezra,  |d 1984-  |e author.  |1 https://id.oclc.org/worldcat/entity/E39PBJp9phFygdGyTk6pbJTJXd 
245 1 0 |a Abundance /  |c Ezra Klein and Derek Thompson. 
250 |a First Avid Reader Press hardcover edition. 
264 1 |a New York, NY :  |b Avid Reader Press, an imprint of Simon & Schuster,  |c 2025. 
264 4 |c ©2025 
300 |a 1 online resource (ix, 288 pages.) : 
336 |a text  |b txt  |2 rdacontent 
337 |a computer  |b c  |2 rdamedia 
338 |a online resource  |b cr  |2 rdacarrier 
504 |a Includes bibliographical references (pages 227-272) and index. 
505 0 |a Introduction: Beyond scarcity -- Grow -- Build -- Govern -- Invent -- Deploy -- Conclusion: Toward abundance. 
532 1 |3 EBSCOhost  |a "EBSCO evaluates our products based on the Web Content Accessibility Guidelines (WCAG) and the related Section 508 and EN 301 549 regulations in the US and EU. Most EBSCO products are substantially conformant with WCAG 2.2 level AA." Source: https://connect.ebsco.com/s/article/EBSCO-VPATs?language=en_US. Last accessed April 22, 2025. 
588 |a Description based on print version record. 
651 0 |a United States  |x Economic conditions  |y 21st century. 
650 0 |a Economic development  |z United States  |x History. 
650 0 |a Scarcity  |x Political aspects  |z United States. 
650 0 |a Scarcity  |x Government policy  |z United States. 
650 0 |a Infrastructure (Economics)  |z United States. 
651 6 |a États-Unis  |0 (CaQQLa)201-0117604  |x Conditions économiques  |0 (CaQQLa)201-0117604  |y 21e siècle.  |0 (CaQQLa)201-0373679 
650 6 |a Développement économique  |0 (CaQQLa)201-0017266  |z États-Unis  |0 (CaQQLa)201-0407727  |x Histoire.  |0 (CaQQLa)201-0378888 
650 6 |a Rareté (Économie politique)  |0 (CaQQLa)201-0093253  |x Aspect politique  |0 (CaQQLa)201-0382521  |z États-Unis.  |0 (CaQQLa)201-0407727 
650 6 |a Rareté (Économie politique)  |0 (CaQQLa)201-0093253  |x Politique gouvernementale  |0 (CaQQLa)201-0377503  |z États-Unis.  |0 (CaQQLa)201-0407727 
655 7 |a Electronic books.  |2 local 
700 1 |a Thompson, Derek,  |d 1986-  |e author.  |1 https://id.oclc.org/worldcat/entity/E39PBJtcGHchFdYDkXWCbfjt8C 
710 2 |a EBSCOhost 
776 1 8 |c Original  |z 9781668023488  |z 1668023482  |w (OCoLC)1504483512 
856 4 0 |u http://proxy.library.tamu.edu/login?url=https://search.ebscohost.com/login.aspx?direct=true&scope=site&db=nlebk&db=nlabk&AN=3628314  |z Connect to the full text of this electronic book  |t 0 
945 |b 608717 
955 |a YBP purchased firm e-records 
980 |b usergen  |c 90103237600  |g 565750  |k USD  |m 118.80  |p INTA;489;200;Bartel  |q 1  |s AcqMono Conventional  |t Purchase at vendor system  |u Vendor order reference number  |v ZYBP  |y Faculty - electronic  |z Electronic resource 
999 f f |i f3a7a026-5c95-4ff0-bcc9-fedc3b4d14c5  |s 157e085c-5800-45ca-beb8-73519e297b8c  |t 0 
952 f f |a Texas A&M University  |b College Station  |c Electronic Resources  |s www_evans  |d Available Online  |t 0  |e HC106.84 .K65 2025  |h Library of Congress classification 
998 f f |a HC106.84 .K65 2025  |t 0  |l Available Online